| 000 | 00606nam a2200181Ia 4500 | ||
|---|---|---|---|
| 003 | GCL | ||
| 008 | 140319s9999 xx 000 0 ara d | ||
| 040 |
_aGCL / _cGCL |
||
| 082 | 0 | 4 |
_a816.6 _bا ح |
| 100 | 1 | _aالسيد عبدالرحمن البرقوقى | |
| 245 | 1 | 0 |
_aحضارة العرب فى الاندلس: رسائل تاريخية فى قالب خيالى بديع / _cالسيد عبدالرحمن البرقوقى |
| 300 | _a200 ص | ||
| 490 |
_aكتاب _v0 |
||
| 650 | 0 | 4 | _aالادب العربى |
| 650 | 0 | 4 | _aالاندلس |
| 650 | 0 | 4 | _aالرسائل العربية |
| 942 |
_2ddc _cBK |
||
| 999 |
_c42730 _d42730 |
||